Natural causes / (Record no. 173342)

000 -LEADER
fixed length control field 00734cam a22002651a 4500
001 - CONTROL NUMBER
control field 6514286
003 - CONTROL NUMBER IDENTIFIER
control field Nust
005 - DATE AND TIME OF LATEST TRANSACTION
control field 20220831094721.0
008 - FIXED-LENGTH DATA ELEMENTS--GENERAL INFORMATION
fixed length control field 860521s1953 enk 000 1 eng
010 ## - LIBRARY OF CONGRESS CONTROL NUMBER
LC control number 54015105
015 ## - NATIONAL BIBLIOGRAPHY NUMBER
National bibliography number GB53-12910
020 ## - INTERNATIONAL STANDARD BOOK NUMBER
International Standard Book Number 9788129102829
Terms of availability Rs. 260
035 ## - SYSTEM CONTROL NUMBER
System control number (OCoLC)13613878
038 ## - RECORD CONTENT LICENSOR
Staff Name Arshad
040 ## - CATALOGING SOURCE
Original cataloging agency DLC
Transcribing agency MBAt
Modifying agency CLU
-- Uk
-- DLC
050 00 - LIBRARY OF CONGRESS CALL NUMBER
Classification number PZ4.C388
Item number Nat
Classification number PR6053.E3
082 ## - DEWEY DECIMAL CLASSIFICATION NUMBER
Classification number 823
Author Mark CEC
100 1# - MAIN ENTRY--PERSONAL NAME
Personal name Cecil, Henry,
Dates associated with a name 1902-1976.
9 (RLIN) 11931
245 10 - TITLE STATEMENT
Title Natural causes /
Statement of responsibility, etc. Henry Cecil.
260 ## - PUBLICATION, DISTRIBUTION, ETC.
Place of publication, distribution, etc. London :
Name of publisher, distributor, etc. Chapman & Hall,
Date of publication, distribution, etc. 1953.
300 ## - PHYSICAL DESCRIPTION
Extent 225 p. ;
Dimensions 19 cm.
655 #7 - INDEX TERM--GENRE/FORM
Genre/form data or focus term Legal stories.
Source of term gsafd
9 (RLIN) 935
906 ## - LOCAL DATA ELEMENT F, LDF (RLIN)
a 7
b cbc
c oclcrpl
d u
e ncip
f 19
g y-gencatlg
942 ## - ADDED ENTRY ELEMENTS (KOHA)
Source of classification or shelving scheme
Koha item type Book
Holdings
Withdrawn status Lost status Source of classification or shelving scheme Damaged status Not for loan Permanent Location Current Location Shelving location Date acquired Full call number Barcode Date last seen Copy number Price effective from Koha item type
          Central Library (CL) Central Library (CL) Fiction 01/22/2017 823 CEC CL641 01/22/2017 1 01/22/2017 Book
© 2023 Central Library, National University of Sciences and Technology. All Rights Reserved.